00921nam a2200193 a 450000500170000000800410001702000180005805000240007610000190010024501340011926000600025330000170031344000240033052001960035465000170055065000270056799900190059495201140061320140412111301.0030414s19uu xx 00 eng d a0-8224-2703-6 aTR(GS 411bT44 1987 aTiedt, Iris M. aEnjoying the written word :blessons from the South Bay Writing Project, Grades 4-6 /cby Iris M. Tiedt and Mary Young Williams. aBelmont, California :bDavid S. Lake Publishers,c1987. a92 p. ; ill. aFearon Teacher Aids aThirty-two SAFE Lesson Plans, plus reproducible worksheets, provide opportunities for creative expression with such activities as Musical Storywritingm, Why Stories, and Telling True Stories. aLesson Plans aReproducible Materials c103381d103381 001040aELbELcTRd2003-04-14eLib. Fundl0oTR(GS 411 T44 1987pE4636r2014-04-12 00:00:00w2014-04-12yBK